Jueces y equidad (Record no. 121723)

MARC details
000 -LEADER
campo de control de longitud fija 00795nam a2200193 4500
001 - NÚMERO DE CONTROL
campo de control 121723
003 - IDENTIFICADOR DE NÚMERO DE CONTROL
campo de control ES-MaACL
005 - FECHA Y HORA DE LA ÚLTIMA TRANSACCIÓN
campo de control 20260127062544.0
007 - CAMPO FIJO DE DESCRIPCIÓN FÍSICA--INFORMACIÓN GENERAL
campo de control de longitud fija t|
008 - DATOS DE LONGITUD FIJA--INFORMACIÓN GENERAL
campo de control de longitud fija 070214s1947 sp r ||||1| spa d
100 1# - ENTRADA PRINCIPAL--NOMBRE DE PERSONA
Nombre de persona Plaza, Manuel de la.
9 (RLIN) 92622
245 10 - MENCIÓN DEL TÍTULO
Título Jueces y equidad
Resto del título : discurso /
Mención de responsabilidad, etc. leído el día 24 de marzo de 1947, en su recepción pública, por el Excmo. Sr. D. Manuel de la Plaza Navarro, y contestación del Excmo. Sr. D. Eduardo Aunós.
260 ## - PUBLICACIÓN, DISTRIBUCIÓN, ETC.
Lugar de publicación, distribución, etc. Madrid :
Nombre del editor, distribuidor, etc. [s. n.],
Fecha de publicación, distribución, etc. 1947 (
Fabricante Imp. Viuda de Galo Sèz)
300 ## - DESCRIPCIÓN FÍSICA
Extensión 69 p. ;
Dimensiones 24 cm.
500 ## - NOTA GENERAL
Nota general Precede al tít.: Real Academia de Jurisprudencia y Legislación.
700 ## - ENTRADA AGREGADA--NOMBRE PERSONAL
Nombre de persona Real Academia de Jurisprudencia y Legislación de España
9 (RLIN) 217612
852 ## - LOCALIZACIÓN
Ubicación ES-MaACL
Número de control de estantería 1866-F-18
Sublocalización o colección R.23928
Holdings
Estatus retirado Estado de pérdida Estado de daño No para préstamo Colección Biblioteca de origen Biblioteca actual Ubicación en estantería Fecha de adquisición Fuente de adquisición Total de préstamos Signatura topográfica completa Código de barras Visto por última vez Precio de reemplazo Tipo de ítem Koha
        Colección de folletos Biblioteca del Ateneo de Madrid Biblioteca del Ateneo de Madrid Depósito folletos 17/01/2008     1866-F-18 1126848 23/02/2023 23/02/2023 Folleto